| 000 | 00606nam a2200181 i 4500 | ||
|---|---|---|---|
| 001 | 87257 | ||
| 003 | ES-MaACL | ||
| 005 | 20230906175630.0 | ||
| 007 | t| | ||
| 008 | 041220s1913 fr ||||1| fre d | ||
| 100 | 1 |
_aKobatsch, Rudolf. _968387 |
|
| 245 | 1 | 3 |
_aLa politique economique internationale / _cpar Rudolf Kobatsch ; adapté et mis a jour par Guido Pilati ; avec la collaboration de A. Bellaco. |
| 260 |
_a[S.l. : _bs.n., _c1913] ( _eSaint Amand : _fBussière) |
||
| 300 |
_aVII, 436 p. ; _c23 cm. |
||
| 700 | 1 |
_aPilati, Guido. _992021 |
|
| 700 | 1 |
_aBellaco, A. _927188 |
|
| 852 |
_aES-MaACL _jF-4235 |
||
| 999 |
_c87257 _d87257 |
||